| 000 | 00878pam a2200277 a 4500 | ||
|---|---|---|---|
| 001 | 1996797 | ||
| 003 | OSt | ||
| 005 | 20160204095300.0 | ||
| 008 | 900921s1991 nyua 001 0 eng | ||
| 010 | _a 90019119 | ||
| 020 | _a0312050569 (pbk.) : | ||
| 020 | _a0312050550 (hardback) | ||
| 040 | _aSEKU | ||
| 050 | 0 | 0 |
_aRJ 61 _b.B8 1991 |
| 082 | 0 | 0 |
_a649/.122 _220 |
| 100 | 1 | _aBurck, Frances Wells. | |
| 245 | 1 | 0 |
_aBabysense : _ba practical and supportive guide to baby care / _cwritten by Frances Wells Burck ; with the help of more than 500 parents ; illustrations by Diana Thewlis. |
| 250 | _a2nd ed. | ||
| 260 |
_aNew York : _bSt. Martin's Press, _c1991. |
||
| 300 |
_a313 p. : _bill. |
||
| 500 | _aRev. ed. of: Baby sense, c1979. | ||
| 500 | _aIncludes index. | ||
| 650 | 0 |
_aInfants _xCare. |
|
| 700 | 1 |
_aBurck, Frances Wells. _tBaby sense. |
|
| 942 |
_2lcc _cGEN |
||
| 999 |
_c10325 _d10325 |
||